Diseño hidráulico de una turbina de Hélice

El trabajo que se presenta, consiste en el diseño hidráulico de una turbina de hélice. El método de diseño fue determinado mediante una revisión bibliográfica de varios autores dedicados al diseño de turbinas Kaplan. Durante el diseño del rodete se le concede mayor importancia a la forma pe...

Full description

Bibliographic Details
Main Author: Barahona Zamora, César Enrique
Other Authors: Tutor: Waring, Ross
Format: Tesis Section = Libro
Language:Undetermined
Spanish
Published: Managua UNI 1993
Subjects:
LEADER 01389nam a2200229Ia 4500
008 240830s9999 xx 000 0 und d
040 |a BIBLIOTECA-RUPAP Mon 621.24 B225 
041 |a spa 
082 |a Mon 621.24 B225 
100 1 |a Barahona Zamora, César Enrique 
245 1 0 |a Diseño hidráulico de una turbina de Hélice 
260 |a Managua  |b UNI  |c 1993 
300 |a 170 p. :il. 
502 |a Tesis (Ingeniero Mecánico)- UNI, 1993. 
520 3 |a El trabajo que se presenta, consiste en el diseño hidráulico de una turbina de hélice. El método de diseño fue determinado mediante una revisión bibliográfica de varios autores dedicados al diseño de turbinas Kaplan. Durante el diseño del rodete se le concede mayor importancia a la forma perfil del álabe, por ser el lugar donde se da la transferencia de energía hidráulica en mecánica y donde mayor influencia tendrán los criterios de diseño adoptados con el método ya determinado, se hace un ejemplo completo de diseño, el diseño se acompaña de un programa de computadora, además, se hace un análisis de la influencia de las variables que determinan la forma del álabe sobre los resultados del diseño. 
650 7 |a TURBINAS HIDRAULICAS 
650 7 |b TURBOMAQUINAS 
650 7 |c INGENIERIA MECANICA 
700 1 |a Tutor:  |b Waring, Ross 
942 |c BK  |2 ddc 
991 |a TESIS 
999 |c 15710